Busy beavers / (Record no. 457)

MARC details
000 -LEADER
fixed length control field 00901pam a2200301 a 4500
005 - DATE AND TIME OF LATEST TRANSACTION
control field 20260322212020.0
008 - FIXED-LENGTH DATA ELEMENTS--GENERAL INFORMATION
fixed length control field data
010 ## - LIBRARY OF CONGRESS CONTROL NUMBER
LC control number 88019703
020 ## - INTERNATIONAL STANDARD BOOK NUMBER
International Standard Book Number 0870447408
020 ## - INTERNATIONAL STANDARD BOOK NUMBER
International Standard Book Number 0870447459 (lib. bdg.)
020 ## - INTERNATIONAL STANDARD BOOK NUMBER
International Standard Book Number 9780870447402
020 ## - INTERNATIONAL STANDARD BOOK NUMBER
International Standard Book Number 9780870447457 (lib. bdg.)
040 ## - CATALOGING SOURCE
Original cataloging agency DLC
Transcribing agency DLC
Modifying agency DLC
042 ## - AUTHENTICATION CODE
Authentication code lcac
050 00 - LIBRARY OF CONGRESS CALL NUMBER
Classification number QL737.R632
Item number B76 1988
082 00 - DEWEY DECIMAL CLASSIFICATION NUMBER
Classification number 599.32/32
Edition information 19
092 ## - LOCALLY ASSIGNED DEWEY CALL NUMBER (OCLC)
Classification number 599.32 B76 1988
001 - CONTROL NUMBER
control field data
100 1# - MAIN ENTRY--PERSONAL NAME
Personal name Brownell, M. Barbara.
245 10 - TITLE STATEMENT
Title Busy beavers /
Statement of responsibility, etc. M. Barbara Brownell.
260 ## - PUBLICATION, DISTRIBUTION, ETC.
Place of publication, distribution, etc. [Washington, D.C.] :
Name of publisher, distributor, etc. National Geographic Society,
Date of publication, distribution, etc. c1988.
300 ## - PHYSICAL DESCRIPTION
Extent 32, [2] p. :
Other physical details col. ill. ;
Dimensions 28 cm.
440 #0 - SERIES STATEMENT/ADDED ENTRY--TITLE
Title Books for young explorers
504 ## - BIBLIOGRAPHY, ETC. NOTE
Bibliography, etc. note Bibliography: p. [34].
520 ## - SUMMARY, ETC.
Summary, etc. Photographs and text introduce the physical characteristics and habits of the beaver.
650 #0 - SUBJECT ADDED ENTRY--TOPICAL TERM
Topical term or geographic name entry element Beavers
General subdivision Juvenile literature.
650 #1 - SUBJECT ADDED ENTRY--TOPICAL TERM
Topical term or geographic name entry element Beavers.
Holdings
Withdrawn status Lost status Damaged status Not for loan Home library Current library Shelving location Date acquired Total checkouts Full call number Barcode Date last seen Price effective from Koha item type
        Fairview Fairview General stacks 22/03/2026   599.32/32 19 BC0010468 22/03/2026 22/03/2026 Books